Arbitrážne právo UNCITRALu a aplikácia európskeho práva v rozhodcovskom konaní
Guardado en:
| Autor principal: | |
|---|---|
| Formato: | Libro |
| Lenguaje: | eslovaco |
| Publicado: |
Bratislava
Slovenská spoločnosť pre medzinárodné právo pri SAV
2003
|
| Colección: | Štúdie a materiály
zošit XII. |
| Materias: | |
| Etiquetas: |
Sin Etiquetas, Sea el primero en etiquetar este registro!
|
MARC
| LEADER | 00000nam$a2200000$$$4500 | ||
|---|---|---|---|
| 001 | 0024850 | ||
| 005 | 20221207102535.0 | ||
| 041 | 0 | |a slo | |
| 044 | |a SK | ||
| 245 | 1 | 0 | |a Arbitrážne právo UNCITRALu a aplikácia európskeho práva v rozhodcovskom konaní |c Andrea Dobišová |
| 264 | 1 | |a Bratislava |b Slovenská spoločnosť pre medzinárodné právo pri SAV |c 2003 | |
| 300 | |a 69 s. | ||
| 490 | 1 | |a Štúdie a materiály |v zošit XII. | |
| 830 | 0 | |a Štúdie a materiály |v zošit XII. | |
| 610 | 2 | 0 | |a právo medzinárodné |
| 610 | 2 | 0 | |a právo európske |
| 610 | 2 | 0 | |a arbitráž |
| 610 | 2 | 0 | |a konanie rozhodcovské |
| 610 | 2 | 0 | |a súdnictvo |
| 610 | 2 | 0 | |a riziko |
| 610 | 2 | 0 | |a úpravy právne |
| 610 | 2 | 0 | |a predpisy právne |
| 610 | 2 | 0 | |a normy právne |
| 610 | 2 | 0 | |a štúdie prípadové |
| 610 | 2 | 0 | |a svet |
| 610 | 2 | 0 | |a Európa |
| 610 | 2 | 0 | |a Slovensko |
| 610 | 2 | 0 | |a Česko |
| 100 | 1 | |a Dobišová, Andrea | |